000 05822cam a22019694i 4500
003 PE-LiUPU
005 20250813165841.0
008 150706s2011 pe r 000 0 spa d
035 _a(Sirsi) a50606
040 _aPE-LiUPU
_bspa
_cPE-LiUPU
_dPE-LiUPU
_erda
049 _aPRUA
082 0 4 _a613
_bV7
_221
082 0 4 _a613
_bCH567
_220
100 1 _aChoque Fernández, Juan,
_eautor.
245 1 0 _aViva sano y con estilo /
_cJuan Choque Fernández [y otros cuatro].
250 _aPrimera edición.
264 1 _aLima :
_b[Editorial Imprenta Unión],
_c2011.
300 _a100 páginas ;
_c21 centímetros
336 _atext
_2rdacontent
337 _aunmediated
_2rdamedia
338 _avolume
_2rdacarrier
505 0 _aFundamentos filosóficos pata la aproximación al tema de la salud y la enfermedad -- ¿Enfermedad o enfermo a quien atendemos? -- La salud y el espíritu de profecía -- La motivación y el cambio de conducta -- Caracterización sugerente del régimen alimentario de la Iglesia Adventista del Séptimo día -- Actividad Física: un don de Dios para el bienestar del hombre -- La bendición del agua -- Salud por el descanso -- Citas bíblicas que brindan orientación sobre el sano vivir.
526 _aP203
526 _aP200
526 _aSEG65
526 _aSEG64
526 _aSEG63
526 _aSEG62
526 _aSEG61
526 _aSEG60
526 _aSEG59
526 _aSEG58
526 _aSEG57
526 _aSEG56
526 _aSEG55
526 _aSEG54
526 _aSEG53
526 _aSEG52
526 _aSEG51
526 _aSEG50
526 _aSEG49
526 _aSEG48
526 _aSEG47
526 _aSEG46
526 _aSEG24
526 _aSEG23
526 _aSEG22
526 _aSEG21
526 _aSEG20
526 _aSEG19
526 _aSEG18
526 _aSEG17
526 _aSEG16
526 _aSEG14
526 _aSEG13
526 _aSEG12
526 _aSEG11
526 _aSEG10
526 _aSEG09
526 _aSEG06
526 _aSEG05
526 _aSEG04
526 _aSEG03
526 _aSEG02
526 _aSEG68
526 _aSEG66
526 _aSEG45
526 _aSEG25
526 _aSEG01
526 _aP163
526 _aP162
526 _aP161
526 _aP160
526 _aP159
526 _aP158
526 _aP157
526 _aP156
526 _aP155
526 _aP154
526 _aP153
526 _aP152
526 _aP151
526 _aP150
526 _aP149
526 _aP142
526 _aP141
526 _aP140
526 _aP139
526 _aP138
526 _aP137
526 _aP132
526 _aP131
526 _aP130
526 _aP126
526 _aP125
526 _aP124
526 _aP123
526 _aP115
526 _aP122
526 _aP121
526 _aP116
526 _a P114
526 _aP112
526 _aP111
526 _aP104
526 _aP103
526 _aP102
526 _aP101
526 _aP100
526 _aP96
526 _aP95
526 _aP93
526 _aP92
526 _aP91
526 _aP88
526 _aP83
526 _aP82
526 _aP79
526 _aP78
526 _aP75
526 _aP74
526 _aP71
526 _aP69
526 _a P51
526 _aP49
526 _aP48
526 _aP47
526 _aP33
526 _aP31
526 _a P30
526 _aP29
526 _aP27
526 _aP26
526 _aP25
526 _aP24
526 _a P22
526 _aP10
526 _aP09
526 _a P08
526 _aP06
526 _aP05
526 _aP04
526 _aP01
650 0 4 _aPromoción de la salud
_xAspectos religiosos.
650 0 4 _aSalud Preventiva
_zPerú.
700 1 _aPicasso, Juan Carlos,
_eautor.
700 1 _aRichard Pérez, Daniel,
_eautor.
700 1 _aBalabarca Cárdenas, Iván,
_eautor.
700 1 _aBernui Contreras, Miguel,
_eautor.
910 _agl
_bjv
_cng
_d20111213
910 _ajpc
_bcsm
_ccsm
_d20200124
942 _2ddc
_cBOOK
994 _aC0
_bPEPRU
596 _a1 4
999 _a613 V7
_wDEWEY
_c53062
_i64249
_d53062
_e2019-8-18
_f2021-11-3
_g4
_lCCODEBUL1
_mBUL
_n6
_p8.00
_q2
_r0
_sY
_tBOOK
_u2015-7-6
_xSALUD
_PP35
_0COMPRA
_o.STAFF. Colección Teología
999 _a613 V7
_wDEWEY
_c2
_i64250
_d2018-6-12
_f2021-11-3
_g6
_lCCODEBUL1
_mBUL
_p8.00
_q1
_r0
_sY
_tBOOK
_u2015-7-6
_xSALUD
_PP35
_0COMPRA
_o.STAFF. Colección General
999 _a613 V7
_wDEWEY
_c3
_i64251
_d2018-5-25
_e2015-9-30
_f2021-11-3
_g5
_lCCODEBUL1
_mBUL
_n1
_p8.00
_q1
_r0
_sY
_tBOOK
_u2015-7-6
_xSALUD
_PP35
_0COMPRA
_o.STAFF. Colección Teología
999 _a613 V7
_wDEWEY
_c4
_i64252
_d2017-5-18
_e2017-5-15
_f2021-11-3
_g5
_lCCODEBUL1
_mBUL
_n3
_p8.00
_r0
_sY
_tBOOK
_u2015-7-6
_xSALUD
_PP35
_0COMPRA
_o.STAFF. Colección Teología
999 _a613 V7
_wDEWEY
_c5
_i64253
_d2018-5-25
_e2018-5-24
_f2021-11-3
_g5
_lCCODEBUL1
_mBUL
_n4
_p8.00
_r0
_sY
_tBOOK
_u2015-7-6
_xSALUD
_PP35
_0COMPRA
_o.STAFF. Colección Teología
999 _a613 CH567
_wDEWEY
_c1
_iCW001544
_f2021-12-23
_g1
_lCCODECWL1
_mBWL
_p8.00
_r1
_sY
_tBOOK
_u2020-1-24
_xTEOLOGIA
_zUNKNOWN
_0DONACION
_o.STAFF. Colección General Centro Investigación Adventista
980 _81
_gALBERTO SANCHEZ Responsable de Automatización